Loading...
| History - Other | 0 | 7 | 0 | 1 | 70 | 74 | 99.86 | 1 | 5 | 0.00 | 0.00 |
| Mythology | 0 | 6 | 0 | 1 | 60 | 27 | 82.17 | 2 | 4 | 0.00 | 0.00 |
| Religion | 0 | 4 | 0 | 0 | 40 | 25 | 76.00 | 1 | 2 | 0.00 | 0.00 |
| Philosophy | 0 | 4 | 1 | 0 | 35 | 62 | 89.75 | 0 | 1 | 0.00 | 0.00 |
| Literature - European | 0 | 3 | 0 | 0 | 30 | 87 | 103.00 | 0 | 3 | 0.00 | 0.00 |
| Literature - British | 0 | 3 | 0 | 0 | 30 | 48 | 81.67 | 1 | 2 | 0.00 | 0.00 |
| History - American | 0 | 2 | 0 | 0 | 20 | 105 | 106.00 | 1 | 1 | 0.00 | 0.00 |
| History - European | 0 | 2 | 0 | 0 | 20 | 66 | 102.50 | 0 | 1 | 0.00 | 0.00 |
| Science - Chemistry | 0 | 2 | 0 | 0 | 20 | 105 | 109.50 | 0 | 1 | 0.00 | 0.00 |
| Literature - American | 0 | 2 | 0 | 0 | 20 | 74 | 103.50 | 0 | 1 | 0.00 | 0.00 |
| Science - Biology | 0 | 2 | 1 | 0 | 15 | 99 | 106.50 | 0 | 1 | 0.00 | 0.00 |
| Geography | 0 | 1 | 0 | 1 | 10 | 98 | 98.00 | 0 | 0 | 0.00 | 0.00 |
| History - World | 0 | 1 | 0 | 0 | 10 | 105 | 105.00 | 0 | 0 | 0.00 | 0.00 |
| Literature - World | 0 | 1 | 0 | 0 | 10 | 73 | 73.00 | 0 | 1 | 0.00 | 0.00 |
| Social Science | 0 | 0 | 1 | 0 | -5 | 0.00 | 0 | 0 | 0.00 | 0.00 |